000 00442nam a2200157Ia 4500
003 LDD
008 190117s9999 xx 000 0 und d
020 _c₹70
040 _cLDD
041 _ahi
100 _aमुद्राराक्षस
245 0 _aप्रपंचतंत्र
_cमुद्राराक्षस
260 _aनई दिल्ली
_bकिताबघर
_c1995
300 _a144
942 _2ddc
_cH
999 _c167161
_d167161